Les gens tristes - Bigflo et Oli - Statistiques

Statistiques générales
  • Ce quiz a été pris 269 fois
  • Le résultat moyen est 359 sur 505
Statistiques - réponses
% Correct
Ma
96%
ma
96%
à
95%
a
95%
le
95%
est
94%
qui
94%
les
92%
que
92%
de
91%
mort
91%
amie
90%
ans
90%
Je
90%
je
90%
meilleure
90%
triste
90%
un
90%
13
89%
gens
89%
j'ai
89%
J'ai
89%
j'avais
89%
J'avais
89%
au
88%
une
88%
ambulance
87%
morte,
87%
Depuis
85%
Et
85%
(Et
85%
(et
85%
Et,
85%
fois
85%
Pas
85%
pas
85%
des
84%
Des
84%
Qu'est-ce
83%
(Qu'est-ce
83%
vois
83%
bat
82%
C'est
82%
chaque
82%
il
82%
pour
82%
quand
82%
moi,
81%
moi
81%
moi?
81%
moi?)
81%
moi)
81%
heureux
79%
plus
79%
courageux
78%
la
78%
La
78%
là?
78%
l'cœur
78%
peureux
76%
qu'je
76%
veut
76%
y
76%
Y
76%
(y
76%
être
75%
pleurent,
75%
si
75%
te
75%
vent
75%
autant?
73%
rendre
73%
se
73%
souffle
73%
toujours
73%
(toujours
73%
tout
73%
trop
73%
va
73%
Cœur
72%
cœur
72%
personne
72%
chez
71%
en
71%
J'arrive
71%
Mais
71%
mais
71%
qu'il
71%
vie
71%
vie)
71%
dire
70%
jamais
70%
optimistes
70%
grand
69%
ils
69%
j'en
69%
m'attend
69%
tous
69%
beaux
68%
changer,
68%
changer
68%
comme
68%
d'gens
68%
Faut
68%
faut
68%
pourtant,
68%
rêve
68%
sont
68%
Vous
67%
celui
66%
évoluer,
66%
fasse
66%
grandir
66%
J'vais
66%
j'vais
66%
monde
66%
non
66%
par
66%
tonnes
66%
tonnes)
66%
tristes
66%
d'avant?
65%
m'dire
65%
quoi
65%
dans
64%
fait
64%
fait,
64%
j'fais
64%
mes
64%
sur
64%
potes
63%
ampoule
62%
aujourd'hui,
62%
ceux
62%
Ceux
62%
compris
62%
savoir?
62%
suis,
62%
suis)
62%
suis
62%
Dis
61%
(Dis
61%
dis
61%
forêt
61%
J'suis
61%
mauvais
61%
ouais
61%
ouais,
61%
peine
61%
roues
61%
sais
61%
tombent?
61%
Voir
60%
(voir
60%
Aïe,
59%
bâtons,
59%
changerais
59%
chose
59%
Comment
59%
coups
59%
font
59%
hier
59%
jour
59%
lèvres
59%
nuit
59%
pause
59%
préfère
59%
quelque
59%
relèvent
59%
Toc,
59%
toc,
59%
toi
59%
toute
59%
autre
58%
J'veux
58%
j'y
58%
pourrait
58%
terre
58%
Terre
58%
ailleurs
57%
appuyer
57%
bout
57%
gâcher
57%
j'aimerais
57%
lève)
57%
lève,
57%
petit
57%
Regarde
57%
bas
56%
beaucoup
56%
croyez
56%
J'voulais
56%
l'avais
56%
rends
56%
aussi
55%
boule
55%
encore
55%
frappe,
55%
miracle?
55%
paumés
55%
abandonner
54%
d'être
54%
D'être
54%
j'attends
54%
tombée,
54%
angoisses
53%
qu'un
53%
Putain,
51%
roulé
51%
tort,
51%
avancent?
50%
bulle
50%
Dis-moi,
50%
doutent
50%
nous
50%
parents)
50%
allez
49%
dit
48%
mal
48%
mourir
48%
musique
48%
Torturé
48%
évidement
47%
qu'vous
47%
recouvrir
47%
l'papier
46%
d'l'équipe
45%
pierre
45%
Promettez
45%
chercher
43%
côte
43%
eu
43%
fort
43%
juste
43%
Promis,
43%
tant
43%
verre
43%
l'air
42%
ramènent
42%
d'la
41%
choses
40%
pressée
39%
fragile
38%
j'pensais
38%
protège
38%
après
36%
fallait
36%
couru
35%
préférais
34%
d'choses
32%
j'accepte
32%
on
32%
j'remontrais
25%
(Aller,
17%
aller,
17%
aller)
17%
Hum
13%
hum,
13%
hum
13%
Okay,
6%
Aucun quiz correspondant
Distribution des résultats
% des personnes avec chaque résultat
Percentile par nombre de réponses
Votre historique - résultats
Vous n’avez pas pris ce quiz